French : from dialect to standard
Αποθηκεύτηκε σε:
| Κύριος συγγραφέας: | |
|---|---|
| Μορφή: | Βιβλίο |
| Γλώσσα: | English |
| Δημοσίευση: |
London; New York :
Routledge,
[c1993]
|
| Θέματα: | |
| Ετικέτες: |
Προσθήκη ετικέτας
Δεν υπάρχουν, Καταχωρήστε ετικέτα πρώτοι!
|
MARC
| LEADER | 00000nam a2200000 i 4500 | ||
|---|---|---|---|
| 001 | 1/34390 | ||
| 008 | 060914s1993 eng d | ||
| 020 | |a 0-415-08071-1 (pbk.) | ||
| 035 | |l 10085213 | ||
| 040 | |a GR-MY-UA |b gre |e aacr | ||
| 041 | 0 | |a eng | |
| 082 | 0 | |a 440.9 |2 (22) | |
| 100 | 1 | |a Lodge, R. Anthony. | |
| 245 | 1 | 0 | |a French : |b from dialect to standard / |c R. Anthony Lodge |
| 260 | |a London; New York : |b Routledge, |c [c1993] | ||
| 300 | |a ix, 285 σ.; |c 22 εκ. | ||
| 504 | |a Βιβλιογραφία: σ. 261-278. Ευρετήριο | ||
| 650 | 0 | 0 | |a French language |x History. |
| 650 | 0 | 0 | |a French language |x Standardization. |
| 650 | 0 | 0 | |a French language |x Social aspects |z France. |
| 650 | 0 | 0 | |a Latin language |x Influence on French. |
| 852 | |a INST |b RHODES |e 20060914 |h 440.9 LOD |p 005400024188 |q 005400024188 |t BK |y 0 | ||
| 901 | |a BIBL4-2006-2 | ||
| 909 | |a Ρ |b 129423 | ||
| 920 | |a ΑΝΑΜΟΡΦΩΣΗ |b ΕΠΕΑΕΚ ΙΙ-ΤΜΣ |y ΡΟΔΟΣ |z 2006-08 | ||
| 970 | |a ΚΟΖΑ |b ΜΑΡΙΑ |z 2006/09/14 | ||